00609nam a22001697a 4500999001900000003000500019038001500024082001000039100004300049245012500092260003700217300002500254500001500279600003900294942001300333952009300346 c524642d524642NUST aMr. Zahoor a621.3 aMuhammad Abdullah Adnan Farooqi915445 aEnergy Consumption Comparison for Different Configuration of Unmanned Aerial Vehicles /cMuhammad Abdullah Adnan Farooqi aIslamabad :bCEME - NUST,c2014. axiii, 95 p. : ill, ; aHardcover. 2Electrical Engineering - MS Thesis 2ddccTHE 00102ddc4070aCLbCLcTHEd2019-06-25l0o621.3pCL-T-47r2019-06-25w2019-06-25yTHE